Ricostruisci la Carriera del Calciatore - Oliver Bierhoff - Statistics

Statistiche generali
  • Questo quiz è stato fatto 5 volte
    4 dall'ultimo reset
  • Il punteggio medio è 4 su 9
Statistiche sulle risposte
Hint Risposta % Corretto
2002-2003 Chievo
100%
1986-1988 Bayer Uerdingen
50%
1998-2001 Milan
50%
2001-2002 Monaco
50%
1990-1991 Salisburgo
50%
1995-1998 Udinese
50%
1988-1990 Amburgo
0%
1991-1995 Ascoli
0%
1990 Borussia M'gladbach
0%
Nessun quiz corrispondente trovato
Distribuzione punteggi
Percentuale di utenti per punteggio
Percentile per numero di risposta
I tuoi punteggi nel tempo
Non hai fatto questo quiz dall'ultimo reset